000 00647cam a22002053a 4500
001 40229
003 PGUSA
005 20140828083909.0
008 120714s2012||||xxu|||||s|||||000 | eng d
040 _aPGUSA
_beng
042 _adc
100 1 _aIrby, Richard,
_d1825-1902
245 1 0 _aHistory of Randolph-Macon College, Virginia :
_bThe Oldest Incorporated Methodist College in America
_h[electronic resource] /
_cRichard Irby
260 _bProject Gutenberg,
_c2012
506 _aPublic domain in the USA.
516 _aElectronic text
830 0 _aProject Gutenberg
_v40229
856 4 0 _uhttp://www.gutenberg.org/ebooks/40229
942 _cEB
999 _c269482
_d269482